Statistics for Animals by Picture - A

Click here to take the quiz!

General Stats

  • This quiz has been taken 740 times
  • The average score is 9 of 16

Answer Stats

Answer% Correct
Ant
100%
Alligator
96%
Alpaca
90%
Armadillo
84%
Anteater
83%
Aardvark
72%
Antelope
63%
Albatross
62%
Anglerfish
56%
Angelfish
55%
Axolotl
49%
Anchovy
41%
Arctic Hare
37%
Akita
27%
Avocet
11%
Anhinga
5%

Score Distribution

Percentile by Number Answered

Percent of People with Each Score

Your Score History

You have not taken this quiz